| 000 | 00981cam a22002893a 4500 | ||
|---|---|---|---|
| 001 | 6162 | ||
| 003 | PGUSA | ||
| 005 | 20140828083129.0 | ||
| 008 | 040701s2004||||xxu|||||s|||||000 1 eng d | ||
| 040 |
_aPGUSA _beng |
||
| 042 | _adc | ||
| 050 | 4 | _aPZ | |
| 100 | 1 |
_aAlger, Horatio, _d1832-1899 |
|
| 245 | 1 | 0 |
_aHerbert Carter's Legacy; Or, the Inventor's Son _h[electronic resource] / _cHoratio Alger |
| 260 |
_bProject Gutenberg, _c2004 |
||
| 506 | _aPublic domain in the USA. | ||
| 516 | _aElectronic text | ||
| 653 | _aInheritance and succession -- Juvenile fiction | ||
| 653 | _aConduct of life -- Juvenile fiction | ||
| 653 | _aCountry life -- New York (State) -- Juvenile fiction | ||
| 653 | _aMothers and sons -- Juvenile fiction | ||
| 653 | _aNew York (State) -- History -- 19th century -- Juvenile fiction | ||
| 653 | _aSocial classes -- Juvenile fiction | ||
| 830 | 0 |
_aProject Gutenberg _v6162 |
|
| 856 | 4 | 0 | _uhttp://www.gutenberg.org/ebooks/6162 |
| 942 | _cEB | ||
| 999 |
_c235485 _d235485 |
||